| 000 | 00366nam a2200157Ia 4500 | ||
|---|---|---|---|
| 003 | OSt | ||
| 008 | 191201s2011 xx 000 0 und d | ||
| 082 |
_a621.3811 _bSIC |
||
| 100 | _aSINGH,R.P. | ||
| 245 | 0 | _aCommunication Systems Analog and Digital | |
| 250 | _aRep | ||
| 260 |
_aNew Delhi _bTMH _c2011 |
||
| 300 | _a584 | ||
| 650 | _aM.Tech (ECE) | ||
| 942 |
_2ddc _cBK |
||
| 999 |
_c5114 _d5114 |
||